Principios de política aplicables a todos los gobiernos

Guardat en:
Dades bibliogràfiques
Autor principal: Constant, Benjamin (autor)
Format: Llibre
Idioma:espanyol
Publicat: Buenos Aires Katz Editores 2010
Edició:1a. ed
Col·lecció:Conocimiento, 3075
Matèries:
Etiquetes: Afegir etiqueta
Sense etiquetes, Sigues el primer a etiquetar aquest registre!

MARC

LEADER 00000cam a2200000 a 4500
001 UCE9957
003 CL-VaPUC
008 151112e20100000ag |||||||||||||||||spa|d
020 |a 9789871566310 
082 0 4 |a 320.2  |b CON  |2 21 
100 |a Constant, Benjamin  |e autor  |9 604951 
245 1 0 |a Principios de política aplicables a todos los gobiernos 
250 |a 1a. ed 
300 |a 629 p 
942 |c BK 
945 |d 20151112 20:22:00  |a dcastane 
260 |a Buenos Aires  |b Katz Editores  |c 2010 
650 0 |a Política y gobierno  |9 255151 
650 0 |a Poder político  |9 255509 
650 7 |a SISTEMAS POLITICOS  |2 CL-VaPUC  |9 582937 
650 0 |a Ideologías políticas   |9 255735 
583 |a last modification  |c 20151112 20:22:00  |k Rodrigo Vera 
490 0 |a Conocimiento, 3075 
999 |c 361591  |d 361589 
952 |0 0  |1 0  |3 erb  |4 0  |6 320_200000000000000_CON_2010  |7 0  |8 A  |9 472183  |a BIBEDU  |b BIBEDU  |i 5249619  |o 320.2 CON 2010  |p 5249619  |r 2019-11-24  |w 2019-11-24  |y BK  |z Catalogado en:20151112  |k FIL